| 000 -GUIDE |
| Champ de contrôle de longueur fixe |
00909nam a22002177a 4500 |
| 003 - IDENTITÉ DU NUMÉRO DE CONTRÔLE |
| Champ de contrôle |
BI-BuBU |
| 008 - ÉLÉMENTS DE LONGUEUR FIXE - RENSEIGNEMENTS GÉNÉRAUX |
| Champ de contrôle de longueur fixe |
151110s1979 bd ||||dr|||| 000 0 fre d |
| 037 ## - SOURCE D'ACQUISITION |
| Source d'acquisition et du numéro d'inventaire |
Fonds ISCO |
| 039 ## - NIVEAU DE CONTRÔLE BIBLIOGRAPHIQUE ET HISTORIQUE D'ENCODAGE [OBSOLETE] |
| Date creation |
2015111003333.0 |
| Nom catalographe |
Godeberthe Nsengimana |
| 040 ## - SOURCE DU CATALOGAGE |
| Organisme qui a effectué le catalogage original |
BI-BuBU |
| Code de la langue utilisée dans le catalogage |
fre |
| Organisme qui a effectué la transcription |
BI-BuBU |
| 041 0# - CODE DE LANGUE |
| Code de langue du texte/de la piste sonore ou du titre distinct |
fre |
| 080 ## - INDICE DE LA CLASSIFICATION DÉCIMALE UNIVERSELLE (CDU) |
| Indice de la Classification décimale universelle |
312.9 |
| 110 1# - VEDETTE PRINCIPALE - NOM DE COLLECTIVITÉ |
| Code de relation |
<a href="aut">aut</a> |
| Nom de la collectivité ou nom de lieu comme élément de classement |
Ministère de l'intérieur |
| Collectivité subordonnée |
département de la population |
| Lieu de collectivité |
Burundi |
| 9 (RLIN) |
121775 |
| 245 10 - MENTION DU TITRE |
| Titre |
Recensement général de la population |
| Reste du titre |
16 Août 1979: méthodologie générale : t4 |
| Mention de responsabilité, etc. |
Ministère de l'intérieur, département de la population |
| 260 ## - PUBLICATION, DIFFUSION, ETC. (ADRESSE BIBLIOGRAPHIQUE) |
| Lieu de publication, diffusion, etc. |
Bujumbura |
| Nom de l'éditeur, diffuseur, etc. |
centtre d'Etudes démographique pour le développement |
| Date of publication, distribution, etc |
1985 |
| 300 ## - DESCRIPTION MATÉRIELLE |
| Collation |
27-XVII p. |
| Dimensions |
28 cm. |
| 650 #7 - VEDETTE-MATIÈRE - NOM COMMUN |
| Source du terme |
BI-BuBU |
| Vedette de sujet ou vedette comportant un nom géographique |
Population.Recensement. |
| Subdivision chronologique |
1979. |
| 9 (RLIN) |
121776 |
| 942 ## - ÉLÉMENTS D'ENTRÉE ADDITIONNELLE (KOHA) |
| Source de la classification ou du système de rangement |
|
| Type d item koha |
BOOK |